Návrh testovania pre konkrétny IS diplomová práca

Saved in:
Bibliographic Details
Main Author: Schwartz, Peter
Corporate Author: Fakulta hospodárskej informatiky EU. Katedra aplikovanej informatiky
Other Authors: Kniežová, Jaroslava
Format: Book
Language:Slovak
Published: Bratislava 2011
Tags: Add Tag
No Tags, Be the first to tag this record!

MARC

LEADER 00000nbm a2200000 4500
001 0140724
005 20161109101945.7
041 0 |a slo 
044 |a SK 
245 1 0 |a Návrh testovania pre konkrétny IS  |b diplomová práca  |c Peter Schwartz ; školiteľ: Jaroslava Kniežová 
264 1 |a Bratislava  |c 2011 
300 |a 67 s. 
100 1 |a Schwartz, Peter 
700 1 |a Kniežová, Jaroslava 
710 2 |a Fakulta hospodárskej informatiky EU. Katedra aplikovanej informatiky